Verlan en anagrammes - Statistiques

Statistiques générales
  • Ce quiz a été pris 22 fois
  • Le résultat moyen est 5 sur 15
Statistiques - réponses
Hint Réponse % Correct
Féru Reuf
71%
Méta Téma
62%
Futé Teuf
57%
Roule Relou
52%
Fume Meuf
33%
Muer Reum
33%
Poche Pécho
29%
Ruche Reuch
29%
Pure Reup
29%
Sûres Reuss
29%
Crime Cimer
24%
Geint Tigen
19%
Morte Tromé
5%
Pionce Pineco
0%
Ouvrit Turvoi
0%
Aucun quiz correspondant
Distribution des résultats
% des personnes avec chaque résultat
Percentile par nombre de réponses
Votre historique - résultats
Vous n’avez pas pris ce quiz